1344 1118 1236 1907 1113 1619 1331 1407 1639 1691 1821 1691 1192 1769 1896 1115 1406 1947 1111 1426 1852 1037 1928 1389 1255 1869 1969 1877 1438 1038 1907 1574 1386 1955 1373 1722 1427 1408 1203 1921 1877 1534 1348 1006 1055 1120 1197 1274 1214 1080 1610 1813 1562 1392 1017 1224 1101 1739 1168 1236 1790 1186 1050 1570 1690 1853 1453 1337 1886 1781 1040 1797 1763 1591 1280 1155 1183 1056 1802 1498 1277 1791 1015 1746 1857 1804 1531 1039 1135 1224 1458 1486 1721 1875 1168 1012 1723 1176 1931 BCNSPRNW ULIB Ver.6.0+V

เปลี่ยนเป็นภาษาไทย

Change to English
 แสดงรายละเอียดบรรณานุกรม
  กลับหน้าหลัก

Brief Record : Get Marc (ISO 2709) : E-mail record : QR code < ปิดหน้าต่าง
LEADER : 00000nam 2200000uu 4500
001    13399114054
003     ULIB
008    110627s||||||||th 000 0 tha d
020    9789749899236
090    นว.^bย731ค 2550
100 0  โยโคมิโซะ เซซิ
245 00 คินดะอิจิยอดนักสืบ ตอนที่ 2 หมู่บ้านแปดหลุมศพ/^cโยโคมิโซะ เซซิ
250    พิมพ์ครั้งที่ 9
260    กรุงเทพฯ :^bBLISS publishing,^c2553
300    488 หน้า
710 1  BLISS publishing
945    ^p235^l0^i022057
995    ทศพร
999 ^a ใช้งานได้ทุกระบบ
รายการนี้ยังไม่มีแท็ก
คุณยังไม่ได้ล็อกอิน คุณสามารถมีกิจกรรมร่วมกับเว็บไซต์ได้ แต่ต้องล็อกอินก่อน ::
  ล็อกอิน

รายการสื่อสารสนเทศ

ลำดับที่ ประเภท เลขเรียก/บาร์โค้ด สถานที่ สถานะ
1. นวนิยาย
นวนิยาย
นว. ย731ค 2550 ฉ.1 
  Barcode: 022057
ห้องสมุดวิทยาเขตสวรรค์ประชารักษ์
►นวนิยาย
บนชั้น
  ขอยืม

รายการใกล้เคียง
    ผู้แต่ง [โยโคมิโซะ เซซิ]

BibComment


ยังไม่เคยถูกคอมเมนท์

คอมเมนท์ทรัพยากรรายการนี้
  คอมเมนท์: คินดะอิจิยอดนักสื..


 Copyright 2026. Bcnsprnw @Library